01094nam a2200301 i 4500001000300000245013700003246002500140260003600165300004500201490005900246500003100305504001200336651001200348655002800360700003000388700003000418700002700448700003000475830006500505015001800570020001800588040000800606041001300614044000800627080001800635008004100653856009800694bg00aAustria /c[przygot. ed. pol. Bogdan Rudnicki ; red. prowadzący Joanna Zaborowska ; tł. Jolanta Kubiak ; red. Michał Kaszowski].1 iTyt. oryg.:aAustria aWarszawa :bMediaprofit,c2007. a[2], 323, [1] s. :bil. kolor. ;c23 cm.1 aBiblioteka Gazety Wyborczej. Podróże Marzeń ;v9 aMapa i plan na wyklejkach. aIndeks. 9aAustria aPrzewodniki turystyczne1 aRudnicki, Bogdan.eOprac.1 aZaborowska, Joanna.eRed.1 aKubiak, Jolanta.eTł.1 aKaszowski, Michał.eRed. 0aBiblioteka Gazety Wyborczej.pPodróże Marzeń (2007)v9 aPB 18978/2007 a9788360174692 cBPK1 apolheng aPOL a913(436)(036)070827s2007 pl a |001 0 pol  uhttp://koha.tu.koszalin.pl/cgi-bin/koha/opac-detail.pl?biblionumber=54253yKatalog online BPK